000 00402nam a2200169Ia 4500
008 210210b1996 xxu||||| |||| 00| 0 eng d
020 _a0 521 58694 1
082 _a620.8 SMIB
100 _aSMITH (John E).
245 _aBiotechnology. Ed.3
250 _a
260 _aNew York.
_bNot Mentioned
_c1996
300 _a236
650 _aBiotechnology
690 _aBiotechnology
906 _aSG03896
999 _c114916
_d114916